| 000 | 00458nam a22001817a 4500 | ||
|---|---|---|---|
| 003 | CEME | ||
| 005 | 20210628203045.0 | ||
| 008 | 210218b xxu||||| |||| 00| 0 eng d | ||
| 020 | _a0-340-80654-0 | ||
| 040 | _c. | ||
| 082 | _a519.2 JON | ||
| 100 |
_aJones, P.W,Smith, P _963076 |
||
| 245 | _aStochastic processes,an introduction | ||
| 260 |
_aNEW YORK _bARNOLD _c2001 |
||
| 300 | _aXII,259P | ||
| 650 |
_aSTOCHASTIC PROCESSES _910957 |
||
| 942 |
_cBK _2ddc |
||
| 999 |
_c572014 _d572014 |
||